1155 1585 1023 1413 1257 1685 1279 1205 1283 1394 1032 1721 1732 1687 1852 1956 1180 1020 1733 1652 1515 1744 2000 1483 1732 1795 1649 1073 1921 1200 1031 1779 1696 1416 1231 1419 1405 1540 1112 1687 1901 1610 1996 1931 1443 1689 1286 1688 1266 1410 1171 1243 1994 1982 1807 1951 1149 1256 1243 1061 1316 1161 1216 1584 1953 1980 1825 1701 1006 1925 1350 1520 1435 1644 1962 1365 1455 1881 1376 1154 1460 1453 1356 1103 1837 1176 1903 1686 1471 1016 1035 1712 1910 1162 1057 1615 1450 1803 1222 BCNSPRNW ULIB Ver.6.0+V

เปลี่ยนเป็นภาษาไทย

Change to English
 แสดงรายละเอียดบรรณานุกรม
  กลับหน้าหลัก

Brief Record : Get Marc (ISO 2709) : E-mail record : QR code < ปิดหน้าต่าง
LEADER : 00000nam 2200000uu 4500
001    13399128402
003     ULIB
008    230815s2565||||th 000 0 tha d
020    ^a9786165909471
060 04 ^aWY160^bจ389ก
100 0  ^aจิณห์จุฑา ชัยเสนา ดาลลาส
245 10 ^aการบำบัดร่วมสมัยทางการพยาบาลจิตเวช สำหรับเยาวชนที่ใช้สารเสพติด :^bแนวคิดสู่การปฏิบัติ /^cจิณห์จุฑา ชัยเสนา ดาลลาส
250    ^aพิมพ์ครั้งที่ 1
260    ^aชลบุรี :^bคณะพยาบาลศาสตร์ มหาวิทยาลัยบูรพา,^c2565
300    ^aก-ฌ, 188 หน้า :^bภาพปรกอบ ;^c26 ซม.
650  2 ^aPsychiatric Nursing
650  4 ^aการพยาบาลจิตเวชศาสตร์
650  4 ^aพยาบาลจิตเวช
650  4 ^aเยาวชนกับยาเสพติด^xการบำบัด
710 2  ^aมหาวิทยาลัยบูรพา.^bคณะพยาบาลศาสตร์
945    ^p300^l0^i010071
945    ^p300^l0^i010072
945    ^p300^l0^i010073
945    ^p300^l0^i010074
945    ^p300^l0^i010075
945    ^p300^l0^i010076
945    ^p300^l0^i010077
999    ^aประนอม เกษจรัล
รายการนี้ยังไม่มีแท็ก
คุณยังไม่ได้ล็อกอิน คุณสามารถมีกิจกรรมร่วมกับเว็บไซต์ได้ แต่ต้องล็อกอินก่อน ::
  ล็อกอิน

รายการสื่อสารสนเทศ

ลำดับที่ ประเภท เลขเรียก/บาร์โค้ด สถานที่ สถานะ
1. Book การพยาบาล
หนังสือสำรอง
สถานะ=หนังสือสำรอง
WY160 จ389ก ฉ.1 
  Barcode: 010071
ห้องสมุดวิทยาเขตสวรรค์ประชารักษ์
►หนังสือทั่วไป
บนชั้น
2. Book การพยาบาล
Book การพยาบาล
WY160 จ389ก ฉ.2 
  Barcode: 010072
ห้องสมุดวิทยาเขตสวรรค์ประชารักษ์
►หนังสือทั่วไป
ถูกยืม กำหนดส่งวันที่ 18 พฤษภาคม 2569
  จอง
3. Book การพยาบาล
Book การพยาบาล
WY160 จ389ก ฉ.3 
  Barcode: 010073
ห้องสมุดวิทยาเขตสวรรค์ประชารักษ์
►หนังสือทั่วไป
ถูกยืม กำหนดส่งวันที่ 18 พฤษภาคม 2569
  จอง
*เพิ่งรับคืน
4. Book การพยาบาล
Book การพยาบาล
WY160 จ389ก ฉ.4 
  Barcode: 010074
ห้องสมุดวิทยาเขตสวรรค์ประชารักษ์
►หนังสือทั่วไป
บนชั้น
5. Book การพยาบาล
Book การพยาบาล
WY160 จ389ก ฉ.5 
  Barcode: 010075
ห้องสมุดวิทยาเขตสวรรค์ประชารักษ์
►หนังสือทั่วไป
บนชั้น
6. Book การพยาบาล
Book การพยาบาล
WY160 จ389ก ฉ.6 
  Barcode: 010076
ห้องสมุดวิทยาเขตสวรรค์ประชารักษ์
►หนังสือทั่วไป
บนชั้น
7. Book การพยาบาล
Book การพยาบาล
WY160 จ389ก ฉ.7 
  Barcode: 010077
ห้องสมุดวิทยาเขตสวรรค์ประชารักษ์
►หนังสือทั่วไป
บนชั้น

รายการใกล้เคียง
    ผู้แต่ง [จิณห์จุฑา ชัยเสนา ดาลลาส]

    หัวเรื่อง [Psychiatric Nursing]
    หัวเรื่อง [การพยาบาลจิตเวชศาสตร์]
    หัวเรื่อง [พยาบาลจิตเวช]

BibComment


ยังไม่เคยถูกคอมเมนท์

คอมเมนท์ทรัพยากรรายการนี้
  คอมเมนท์: การบำบัดร่วมสมัย..


 Copyright 2026. Bcnsprnw @Library